000 00479nam a2200157 i 4500
001 28841
003 ES-MaACL
007 t|
008 030120s1914 xxk ||||1| eng d
100 1 _aBagehot, Walter.
_924629
245 1 0 _aBiographical studies /
_cpar Walter Bagehot ; edited by the late, Richard Holt Hutton.
260 _aLondon :
_bLongmans, Green and Co,
_c1914.
300 _aVI, 417 p. ;
_c19 cm.
700 1 _aHutton, Richard Holt.
_964854
852 _aES-MaACL
_jC-997
999 _c28841
_d28841